000 00820nam a22002297a 4500
005 20170705142157.0
010 _aENG-109908
020 _c395.00
_a9788125042815
020 _c460.00 (A.V)
_a9788125042815
035 _aEN-93441
037 _bDBAD/PUB
082 _a320.954
100 _aKothari, Rajni
245 0 0 _aPolitics in India /
_cby Rajni Kothari ; introduction by Prakash C. Sarangi
250 _a2nd ed
260 _aNew Delhi
_bOrient Blackswan
_c2012
270 _a1/24 Asaf Ali Road
_bNew Delhi
300 _axxxi,470p.
_c23cm(pbk)
500 _aIncludes index
942 _2ddc
_cEN
_mKOT
_h320.954
999 _c83931
_d83931